Fogyasztói magatartás és vásárlási szokások vizsgálata az állateledelek piacán

Bibliográfiai részletek
Szerző: Kovács Anita Fanni
További közreműködők: Szántó dr Szilvia
Dokumentumtípus: Diplomadolgozat
Kulcsszavak:Vásárlási szokások
Fogyasztói magatartás
Kutyaeledel
Állateledel piac
Fogyasztói döntés
Online Access:http://dolgozattar.uni-bge.hu/522

MARC

LEADER 00000nta a2200000 i 4500
001 dolg522
005 20150422110330.0
008 141203suuuu hu om 000 hun d
040 |a BGE Dolgozattár Repozitórium  |b hun 
041 |a hu 
100 1 |a Kovács Anita Fanni 
245 1 0 |a Fogyasztói magatartás és vásárlási szokások vizsgálata az állateledelek piacán  |c Kovács Anita Fanni  |h [elektronikus dokumentum] 
246 1 1 |a Fogyasztói magatartás és vásárlási szokások vizsgálata az állateledelek piacán 
695 |a Vásárlási szokások 
695 |a Fogyasztói magatartás 
695 |a Kutyaeledel 
695 |a Állateledel piac 
695 |a Fogyasztói döntés 
700 1 |a Szántó dr Szilvia  |e ths 
856 4 0 |u http://dolgozattar.uni-bge.hu/522/1/Fogyaszt%C3%B3i%20magatart%C3%A1s%20%C3%A9s%20v%C3%A1s%C3%A1rl%C3%A1si%20szok%C3%A1sok%20vizsg%C3%A1lata%20az%20%C3%A1llateledelek%20piac%C3%A1n.pdf  |z Dokumentum-elérés